[Event "EU-ch (Women) 24th"]
[Site "Rhodes"]
[Date "2024.04.28"]
[Round "9"]
[White "Zawadzka, Jolanta"]
[Black "Eric, Jovana"]
[Result "1-0"]
[WhiteElo "2351"]
[BlackElo "2162"]
[PlyCount "91"]
[EventDate "2024.04.19"]
[EventType "swiss"]
[EventRounds "10"]
[EventCountry "GRE"]
[SourceTitle "CB18_2024"]
[SourceDate "2024.05.01"]
[SourceVersion "1"]
[SourceVersionDate "2024.05.01"]
[SourceQuality "2"]

1. Nf3 d5 2. e3 Nf6 3. c4 c6 4. Nc3 Bf5 5. cxd5 cxd5 6. Qb3 Bc8 7. Bb5+ Nc6 8. e4 e6 9. d3 a6 10. Bxc6+ bxc6 11. 0-0 Be7 12. Bf4 0-0 13. Rac1 Bd7 14. h3 Be8 15. Na4 a5 16. Rfe1 c5 17. Nxc5 a4 18. Qb7 dxe4 19. dxe4 Bxc5 20. Rxc5 Bd7 21. Bd6 Re8 22. Ne5 Rc8 23. Rec1 Rxc5 24. Rxc5 Qa8 25. Rc7 Qxb7 26. Rxb7 Bc8 27. Rb4 a3 28. bxa3 Ba6 29. f3 Rc8 30. Rb6 Rc1+ 31. Kf2 Bc8 32. Rb8 Ne8 33. Bb4 f6 34. Nd3 Rc6 35. e5 Kf7 36. Ke3 Ba6 37. Nc5 Bc4 38. Kd4 Bxa2 39. Ne4 Rc4+ 40. Kd3 fxe5 41. Bc5 Rc1 42. Ng5+ Kg6 43. Be3 Bb1+ 44. Ke2 Rc2+ 45. Bd2 h6 46. Ne4 1-0

[Event "SRB-chT (Women) Div1"]
[Site "Senta"]
[Date "2023.10.18"]
[Round "9.2"]
[White "Eric, Jovana"]
[Black "Radenkovic, Mila"]
[Result "1-0"]
[WhiteElo "2146"]
[BlackElo "1806"]
[PlyCount "79"]
[EventDate "2023.10.10"]
[EventType "team-tourn"]
[EventRounds "11"]
[EventCountry "SRB"]
[SourceTitle "Mega2024 Update 01"]
[Source "Chessbase"]
[SourceDate "2023.11.12"]
[SourceVersion "1"]
[SourceVersionDate "2023.11.12"]
[SourceQuality "1"]
[WhiteTeam "Sremska Mitrovica Sirmium (W)"]
[BlackTeam "Novi Sad Sah Kruzok (W)"]
[WhiteTeamCountry "SRB"]
[BlackTeamCountry "SRB"]

1. e4 c5 2. Nf3 Nc6 3. Nc3 g6 4. d4 cxd4 5. Nxd4 Bg7 6. Nb3 d6 7. Bg5 Be6 8. Qd2 h6 9. Be3 Nf6 10. 0-0-0 Ng4 11. Bf4 h5 12. h3 Nge5 13. Nd5 Nd7 14. Be3 Nf6 15. f3 0-0 16. g4 h4 17. Bh6 Bxd5 18. Bxg7 Kxg7 19. exd5 Nb8 20. Qd4 Qb6 21. Qd3 Nbd7 22. f4 Qb4 23. c4 b5 24. Qd4 Kg8 25. cxb5 Rfc8+ 26. Kb1 Qxd4 27. Rxd4 Nb6 28. Bg2 Rc4 29. Rxc4 Nxc4 30. Re1 Kf8 31. a4 a6 32. Nd4 axb5 33. b3 Na5 34. axb5 Nb7 35. Nc6 Ng8 36. Kb2 Nc5 37. Re3 f6 38. Rc3 Kf7 39. Rxc5 dxc5 40. b6 1-0

[Event "SRB-ch (Women) 17th"]
[Site "Senta"]
[Date "2023.06.12"]
[Round "7"]
[White "Eric, Jovana"]
[Black "Stankovic, Marija1111"]
[Result "1-0"]
[WhiteElo "2210"]
[BlackElo "1836"]
[PlyCount "47"]
[EventDate "2023.06.06"]
[EventType "tourn"]
[EventRounds "9"]
[EventCountry "SRB"]
[SourceTitle "CBM 214 Extra"]
[Source "ChessBase"]
[SourceDate "2023.07.31"]
[SourceVersion "1"]
[SourceVersionDate "2023.07.31"]
[SourceQuality "1"]

1. e4 c6 2. d4 d5 3. e5 Bf5 4. Nf3 e6 5. Be2 Nd7 6. 0-0 Ne7 7. c3 f6 8. Re1 Qc7 9. Bf4 Ng6 10. Bg3 fxe5 11. Nxe5 Ngxe5 12. dxe5 Be7 13. c4 0-0 14. Nc3 a6 15. cxd5 cxd5 16. Nxd5 exd5 17. Qxd5+ Kh8 18. e6 Nb6 19. Qxf5 Bd6 20. Qe4 Bxg3 21. hxg3 Rae8 22. Bd3 g6 23. Qd4+ Kg8 24. Rac1 1-0

[Event "Gligoric Cup (Women) 9th"]
[Site "Paracin"]
[Date "2023.05.18"]
[Round "4.9"]
[White "Eric, Jovana"]
[Black "Osmak, Iulija"]
[Result "0-1"]
[WhiteElo "2217"]
[BlackElo "2440"]
[PlyCount "110"]
[EventDate "2023.05.16"]
[EventType "team-swiss"]
[EventRounds "5"]
[EventCountry "SRB"]
[SourceTitle "CBM 215 Extra"]
[Source "ChessBase"]
[SourceDate "2023.09.30"]
[SourceVersion "1"]
[SourceVersionDate "2023.09.30"]
[SourceQuality "1"]
[WhiteTeam "Sremska Mitrovica Sirmium (W)"]
[BlackTeam "Nis Osnovac (W)"]
[WhiteTeamCountry "SRB"]
[BlackTeamCountry "SRB"]

1. e4 e5 2. Nf3 Nc6 3. Bc4 Nf6 4. d3 Bc5 5. c3 d6 6. Bb3 a6 7. 0-0 Ba7 8. Nbd2 h6 9. Nc4 0-0 10. Be3 Be6 11. Bxa7 Nxa7 12. Re1 c5 13. Ne3 Nc6 14. h3 Qc7 15. Nh4 Ne7 16. Qf3 Qd7 17. Bc2 Rae8 18. Rad1 Qb5 19. Bb3 Bxb3 20. axb3 Qxb3 21. Nef5 Nxf5 22. Nxf5 Re6 23. Qg3 Ne8 24. Rd2 Kh7 25. Re3 g6 26. Nh4 Ng7 27. Nf3 Nh5 28. Qh4 Kg7 29. d4 exd4 30. cxd4 Qb4 31. d5 Rf6 32. Rde2 Nf4 33. Re1 Re8 34. b3 b5 35. Qg4 Re7 36. Nh4 Kh7 37. Nf5 gxf5 38. Qxf4 Qd4 39. Rf3 Kg7 40. Rg3+ Kh7 41. Rf3 a5 42. Kh1 a4 43. bxa4 bxa4 44. g4 Rxe4 45. Rxe4 fxe4 46. Qxf6 Qd1+ 47. Kh2 Qxf3 48. Qxd6 Qxf2+ 49. Kh1 a3 50. Qe5 Qd4 51. Qf5+ Kg7 52. g5 Qd1+ 53. Kh2 Qd2+ 54. Kh1 Qxg5 55. Qxe4 a2 0-1

[Event "Belgrade (Women) 54th"]
[Site "Belgrade"]
[Date "2023.05.13"]
[Round "8"]
[White "Pogorelskikh, Sofia"]
[Black "Eric, Jovana"]
[Result "0-1"]
[WhiteElo "2191"]
[BlackElo "2217"]
[PlyCount "100"]
[EventDate "2023.05.08"]
[EventType "tourn"]
[EventRounds "9"]
[EventCountry "SRB"]
[SourceTitle "CBM 214 Extra"]
[Source "ChessBase"]
[SourceDate "2023.07.31"]
[SourceVersion "1"]
[SourceVersionDate "2023.07.31"]
[SourceQuality "1"]

1. e4 e5 2. Nf3 Nc6 3. Bb5 a6 4. Ba4 Nf6 5. 0-0 Be7 6. Re1 b5 7. Bb3 d6 8. c3 0-0 9. h3 Nb8 10. d4 Nbd7 11. Nbd2 Bb7 12. Bc2 Re8 13. Nf1 Bf8 14. Ng3 g6 15. a4 Bg7 16. Bd3 c6 17. Be3 Qc7 18. dxe5 dxe5 19. b4 Rad8 20. Qe2 Nf8 21. a5 N6d7 22. c4 Ne6 23. Qc2 Qb8 24. Red1 Nd4 25. Bxd4 exd4 26. Rab1 Ne5 27. Nxe5 Bxe5 28. Nf1 Bc8 29. Nd2 Bg7 30. Nf3 Qf4 31. Qc1 Qd6 32. Re1 h6 33. e5 Qe7 34. Qf4 Be6 35. Nxd4 Qd7 36. Nxe6 Qxe6 37. Bf1 Bxe5 38. Qc1 Qf6 39. Rb3 Kg7 40. Rf3 Qd6 41. Rd3 Qf6 42. Rxd8 Rxd8 43. Rd1 Bd4 44. Rd2 Qf4 45. Rc2 Bxf2+ 46. Kh1 Be3 47. Qe1 Bd4 48. g3 Qf5 49. Qe2 Re8 50. Qxe8 Qxf1+ 0-1

[Event "EU-ch (Women) 23rd"]
[Site "Petrovac"]
[Date "2023.03.26"]
[Round "8"]
[White "Mammadova, Gulnar Marfat Qizi"]
[Black "Eric, Jovana"]
[Result "1/2-1/2"]
[WhiteElo "2358"]
[BlackElo "2230"]
[PlyCount "75"]
[EventDate "2023.03.18"]
[EventType "swiss"]
[EventRounds "11"]
[EventCountry "MNE"]
[SourceTitle "CBM 213 Extra"]
[Source "ChessBase"]
[SourceDate "2023.05.31"]
[SourceVersion "1"]
[SourceVersionDate "2023.05.31"]
[SourceQuality "1"]

1. c4 e5 2. g3 Nf6 3. Bg2 Nc6 4. Nc3 Bb4 5. Nd5 Be7 6. e3 0-0 7. Ne2 d6 8. 0-0 Re8 9. d3 Bf8 10. Rb1 a5 11. Nec3 Nxd5 12. cxd5 Ne7 13. d4 Nf5 14. dxe5 dxe5 15. b3 Nd6 16. Bb2 Bd7 17. e4 Nb5 18. Ne2 Bc5 19. Kh1 Bg4 20. f3 Bh5 21. a4 Nd6 22. Qc2 Bb6 23. Nc1 Bg6 24. Nd3 f6 25. Rbe1 c6 26. dxc6 Rc8 27. Qd1 Rxc6 28. f4 Nf7 29. Qb1 Rd6 30. Nc1 exf4 31. gxf4 Rd2 32. Bc3 Rf2 33. Rxf2 Bxf2 34. Rf1 Be3 35. Ne2 Nd6 36. f5 Bf7 37. Ng3 Qb6 38. b4 1/2-1/2

[Event "EU-ch 23rd"]
[Site "Vrnjacka Banja"]
[Date "2023.03.07"]
[Round "5"]
[White "Eric, Jovana"]
[Black "Grozdanovic, Anastasia"]
[Result "1-0"]
[WhiteElo "2230"]
[BlackElo "2050"]
[PlyCount "83"]
[EventDate "2023.03.03"]
[EventType "swiss"]
[EventRounds "11"]
[EventCountry "SRB"]
[SourceTitle "CBM 213"]
[Source "ChessBase"]
[SourceDate "2023.04.30"]
[SourceVersion "1"]
[SourceVersionDate "2023.04.30"]
[SourceQuality "1"]

1. e4 c6 2. d4 d5 3. e5 Bf5 4. Nf3 e6 5. Be2 Nd7 6. 0-0 Ne7 7. c3 h6 8. Na3 Qb6 9. Nc2 a5 10. a4 Bh7 11. Ne3 Nf5 12. Bd3 Nxe3 13. fxe3 Bxd3 14. Qxd3 Be7 15. e4 Qa6 16. Qc2 Nb6 17. exd5 Nxd5 18. Bd2 c5 19. c4 Nb6 20. b3 cxd4 21. Nxd4 Nd7 22. Rae1 Qb6 23. Be3 Bg5 24. Bf2 Qb4 25. Rd1 Nxe5 26. Rfe1 Bf6 27. Re4 0-0 28. c5 Rfd8 29. Be1 Qa3 30. Nb5 Rxd1 31. Nxa3 Rad8 32. Nb1 Nc6 33. Nc3 R1d3 34. Nb5 Be7 35. h3 R8d5 36. Nd6 Rd1 37. Qf2 Bxd6 38. cxd6 Rxd6 39. Kh2 Rb1 40. Qg3 Rdd1 41. h4 Ne7 42. Qc3 1-0